000 00280nam a22001217a 4500
008 181203b xxu||||| |||| 00| 0 eng d
041 _aeng
080 _a610
100 _a4
101 _aSHM
245 _aThe Merck Manual of Diagnosis and Therapy
_cBeers,M.H
942 _2udc
_cBK
999 _c52726
_d52726